000 00613nam a2200229 a 4500
999 _c10567
_d10567
001 10567
003 BD-JhCC
005 20180714183014.0
008 180303b1984 xxu||||| |||| 000 0 eng d
035 _a(BD-JhCC)8757
040 _aBD-JhCC
_dBD-JhCC
041 _aeng
082 _bLAN 1984
_a372.91
245 _aLanguage : Structure and Use /
_cRonald L Cramer ...[et. all.].
250 _a2nd ed.
260 _aJew Jersey :
_bScott, Foresman and Company,
_c1984.
300 _a512 p. :
_bills;
_c24 cm.
650 _aEnglissh Language
700 _aCramer, Ronald L
942 _2ddc
_cBK